00700nam a2200205 u 450000100100000000500170001000800410002704000250006808200180009310000300011124500890014125000110023026000750024130000190031650400290033550000550036465000330041965000190045265000230047100002659420260420170825.0090708s2002 dr r 001 0 spa d aDO-SdBNPbspacBNPHU a340.115bH5571 aHernández, Pedro Pablo.10aIntroducción al estudio de la sociología del derecho /cPedro Pablo Hernández. a2a ed. aSanto DomingofEditora CentenariobPapelería La Filantropica,c2002. a310 p ;c21cm. aBibliografía: 299 -303 aIncluye datos biográficos del autor en la solapa 0aJurisprudencia sociológica 0aJurisprudencia 0aProblemas sociales